000 00229nam a2200109Ia 4500
999 _c7992
_d7992
020 _a978-0534932190
100 _aBurden, Faires
245 0 _aNumerical Analysis
260 _aUSA
_bMcGraw Hill
_c2001
300 _a232
942 _cBK